Фёдоровские чтения, 2017 (Запись № 12284582)
[ простой вид ]
| 000 -МАРКЕР | |
|---|---|
| контрольное поле | 02684nam0a2200445 4500 |
| 001 - ИДЕНТИФИКАТОР ЗАПИСИ | |
| контрольное поле | RU\NLR\BIBL_A\011563401 |
| 005 - ИДЕНТИФИКАТОР ВЕРСИИ | |
| контрольное поле | 20241105200516.0 |
| 010 ## - МЕЖДУНАРОДНЫЙ СТАНДАРТНЫЙ НОМЕР КНИГИ (ISBN) | |
| Номер (ISBN) | 9785383012826 |
| 021 ## - НОМЕР ГОСУДАРСТВЕННОЙ РЕГИСТРАЦИИ | |
| Код страны | Российская Федерация |
| Номер | 2017-92472 |
| Номер Листа государственной регистраци | 6626 |
| 035 ## - ДРУГИЕ СИСТЕМНЫЕ НОМЕРА | |
| Идентификатор записи | (RuMoRGB)009473388 |
| 035 ## - ДРУГИЕ СИСТЕМНЫЕ НОМЕРА | |
| Идентификатор записи | (NLR Aleph) 011563401 |
| 100 ## - ДАННЫЕ ОБЩЕЙ ОБРАБОТКИ | |
| Данные общей обработки | 20171220d2017 k y0rusy50 ca |
| 101 0# - ЯЗЫК РЕСУРСА | |
| Язык текста, звукозаписи и т.д. | русский |
| -- | английский |
| 102 ## - СТРАНА ПУБЛИКАЦИИ ИЛИ ПРОИЗВОДСТВА | |
| Страна публикации | Российская Федерация |
| 105 ## - ПОЛЕ КОДИРОВАННЫХ ДАННЫХ: ТЕКСТОВЫЕ МАТЕРИАЛЫ, МОНОГРАФИЧЕСКИЕ | |
| Кодированные данные о монографическом текстовом документе | acb|z|||100zy |
| 200 1# - ЗАГЛАВИЕ И СВЕДЕНИЯ ОБ ОТВЕТСТВЕННОСТИ | |
| Основное заглавие | Фёдоровские чтения, 2017 |
| Сведения, относящиеся к заглавию | XLVII Международная научно-практическая конференция с элементами научной школы, Москва, 15-17 ноября 2017 г. |
| Первые сведения об ответственности | Министерство образования и науки Российской Федерации, Национальный исследовательский университет "МЭИ" |
| Последующие сведения об ответственности | [под общ. ред. Б.И. Кудрина, Ю.В. Матюниной] |
| 210 ## - ПУБЛИКАЦИЯ, РАСПРОСТРАНЕНИЕ И ДР. | |
| Место издания, распространения и т.д. | Москва |
| Имя издателя, распространителя и т. д. | МЭИ |
| Дата издания, распространения и т.д. | 2017 |
| 215 ## - ФИЗИЧЕСКАЯ ХАРАКТЕРИСТИКА | |
| Специфическое обозначение материала и объем | 340 с. |
| Другие сведения о физической характеристике | ил., табл., портр., цв. ил., карт. |
| Размеры | 21 |
| 300 ## - ОБЩИЕ ПРИМЕЧАНИЯ | |
| Текст примечания | В вып. дан. и в макете загл.: Фёдоровские чтения - 2017 |
| 300 ## - ОБЩИЕ ПРИМЕЧАНИЯ | |
| Текст примечания | Часть текста на англ. яз. |
| 313 ## - ПРИМЕЧАНИЯ, ОТНОСЯЩИЕСЯ К ТЕМАТИЧЕСКОМУ ДОСТУПУ | |
| Текст примечания | По пред.изд. 2016г. Конференция посвящена 110-летию со дня рожнения А.А. Фёдорова |
| 320 ## - ПРИМЕЧАНИЯ О НАЛИЧИИ В ДОКУМЕНТЕ БИБЛИОГРАФИИ / УКАЗАТЕЛЯ | |
| Текст примечания | Библиогр. в конце ст. |
| 517 1# - ДРУГИЕ ВАРИАНТЫ ЗАГЛАВИЯ | |
| Вариант заглавия | Фёдоровские чтения - 2017 |
| 600 #1 - ИМЯ ЛИЦА КАК ПРЕДМЕТ | |
| Начальный элемент ввода | Федоров |
| Часть имени, кроме начального элемента ввода | А.А. |
| Даты | 1907 - 1985 |
| Расширение инициалов личного имени | Анатолий Анатольевич |
| Системный номер авторитетной/нормативной записи | 2351511 |
| Идентификатор авторитетной/нормативной записи | RU\NLR\AUTH\6601627787 |
| 606 1# - НАИМЕНОВАНИЕ ТЕМЫ КАК ПРЕДМЕТ | |
| Наименование темы | Энергоснабжение |
| Формальный подзаголовок | Съезды, совещания и т.п. |
| Системный номер авторитетной/нормативной записи | 954433 |
| Идентификатор авторитетной/нормативной записи | RU\NLR\auth\6636502 |
| 606 1# - НАИМЕНОВАНИЕ ТЕМЫ КАК ПРЕДМЕТ | |
| Наименование темы | Энергетические ресурсы |
| Формальный подзаголовок | Съезды, совещания и т.п. |
| Тематический подзаголовок | Экономия |
| Системный номер авторитетной/нормативной записи | 949355 |
| Идентификатор авторитетной/нормативной записи | RU\NLR\auth\66352646 |
| 610 0# - НЕКОНТРОЛИРУЕМЫЕ ПРЕДМЕТНЫЕ ТЕРМИНЫ | |
| Предметный термин | энергетические ресурсы - экономия |
| 686 ## - ИНДЕКСЫ ДРУГИХ КЛАССИФИКАЦИЙ | |
| Индекс | З19я431(0) |
| Код системы | |
| 686 1# - ИНДЕКСЫ ДРУГИХ КЛАССИФИКАЦИЙ | |
| Индекс | З19я431(2) |
| 686 1# - ИНДЕКСЫ ДРУГИХ КЛАССИФИКАЦИЙ | |
| Индекс | З190.73я431(2) |
| 702 #1 - ИМЯ ЛИЦА - ВТОРИЧНАЯ ОТВЕТСТВЕННОСТЬ | |
| Начальный элемент ввода | Кудрин |
| Часть имени, кроме начального элемента ввода | Б. И. |
| Даты | 1934- |
| Расширение инициалов личного имени | Борис Иванович |
| Код отношения | Редактор |
| 702 #1 - ИМЯ ЛИЦА - ВТОРИЧНАЯ ОТВЕТСТВЕННОСТЬ | |
| Начальный элемент ввода | Матюнина |
| Часть имени, кроме начального элемента ввода | Ю. В. |
| Расширение инициалов личного имени | Юлия Валерьевна |
| Код отношения | Редактор |
| 702 #1 - ИМЯ ЛИЦА - ВТОРИЧНАЯ ОТВЕТСТВЕННОСТЬ | |
| Код отношения | Прочие |
| Начальный элемент ввода | Фёдоров |
| Часть имени, кроме начального элемента ввода | А.А. |
| Дополнения к именам, кроме дат | д-р техн. наук, энергетика |
| Даты | 1907-1985 |
| Расширение инициалов личного имени | Анатолий Анатольевич |
| Системный номер авторитетной/нормативной записи | 183236 |
| Идентификатор авторитетной/нормативной записи | RU\NLR\AUTH\770183287 |
| 710 12 - НАИМЕНОВАНИЕ ОРГАНИЗАЦИИ - ПЕРВИЧНАЯ ОТВЕТСТВЕННОСТЬ | |
| Начальный элемент ввода | Фёдоровские чтения |
| Место проведения временной организации | Москва |
| Дата проведения временной организации | 2017 |
| Системный номер авторитетной/нормативной записи | 582534 |
| Идентификатор авторитетной/нормативной записи | RU\NLR\AUTH\880459890 |
| 942 ## - ДОПОЛНИТЕЛЬНЫЕ ЭЛЕМЕНТЫ ЗАПИСИ (АБИС) | |
| Тип экземпляра АБИС | Книга |
| 980 ## - КОЛЛЕКЦИЯ | |
| Название коллекции | НБР |
Нет доступных экземпляров.